书目信息 |
| 题名: |
希腊艺术鉴赏
|
|
| 作者: | 孔蒂 著 ;陈卫平 译 | |
| 分册: | ||
| 出版信息: | 北京 北京大学出版社 1988 |
|
| 页数: | 64页 | |
| 开本: | 19cm | |
| 丛书名: | 世界艺术鉴赏译丛 | |
| 单 册: | ||
| 中图分类: | J110.93 | |
| 科图分类: | ||
| 主题词: | 艺术史--世界--中世纪 | |
| 电子资源: | ||
| ISBN: | 7-301-00016-2 | |
| 000 | 00704nam0 2200229 45 | |
| 001 | 0405130931 | |
| 005 | 20050428154617.0 | |
| 010 | @a7-301-00016-2@b精装@dCNY4.65 | |
| 100 | @a20040513d1988 km y0chiy0120 ea | |
| 101 | 0 | @achi@cita |
| 105 | @aa z 000yy | |
| 200 | 1 | @a希腊艺术鉴赏@AXi La Yi Shu Jian Shang@f(意)弗拉维奥·孔蒂著@F(Yi)Fu LaWei Ao·Kong Di Zhu@g陈卫平译 |
| 210 | @a北京@c北京大学出版社@d1988 | |
| 215 | @a64页@c图片@d19cm | |
| 225 | @a世界艺术鉴赏译丛 | |
| 410 | @12001 @a世界艺术鉴赏译丛 | |
| 606 | 0 | @a艺术史@x世界@x中世纪 |
| 690 | @aJ110.93@v3 | |
| 701 | 0 | @a孔蒂@4著 |
| 702 | 0 | @a陈卫平@AChen Wei Ping@4译 |
| 801 | @aCN@bTSTCL@c20040513 | |
| 905 | @dJ110.93@e15:1@f1@b248826 | |
| 希腊艺术鉴赏/(意)弗拉维奥·孔蒂著/陈卫平译.-北京:北京大学出版社,1988 |
| 64页:图片;19cm.-(世界艺术鉴赏译丛) |
| ISBN 7-301-00016-2(精装):CNY4.65 |
| ● |
| 相关链接 |
|
|
|
|
正题名:希腊艺术鉴赏
索取号:J110.93/15:1
 
预约/预借
| 序号 | 登录号 | 条形码 | 馆藏地/架位号 | 状态 | 备注 |
| 1 | 0248826 | 002002102 | 第一借阅区/ [索取号:J110.93/15:1] | 在馆 | |
| 2 | 0248827 | 001239555 | 第一借阅区/ [索取号:J110.93/15:1] | 在馆 | |
| 3 | 0248828 | 001239564 | 第一样本阅览室/ [索取号:J110.93/15:1] | 在馆 |